000 00344cam a22001217a 4500
008 180718b1972 xxu||||| |||| 00| 0 eng d
082 _aB131 F751j
100 _aTrowbridge, James W.
245 _aUrbanization in Jamaica
_cby James W. Trowbridge
260 _aNew York
_bFord Foundation
_c1972
300 _a30p
650 _aUrbanization -Jamaica.
999 _c410695
_d410695